LEADER 01149nam a2200277 u 4500 001 000000017699 003 CaOOAMICUS 005 20070226110605.0 008 940517s1964 it u000 u lat u 035 $a10412505 040 $aPUL(R)$bita 100 1 $aAldama, José Antonio de,$cS.I.,$d1903-$0(OLS)http://pul/name/6561 245 10$aDe quaestione mariali in hodierna vita Ecclesiae /$cIosephus A. de Aldama. 260 $aRomae :$bP. Academia Mariana Internationalis,$c1964. 300 $axi, 163 p. ;$c24 cm 490 1 $aBibliotheca Mariana moderni aevi ;$v3 500 $aComprende indici. 504 $aBibliografia in nota. 600 04$aMaria Virgo,$cs.$xTeologia.$0(OLS)http://pul/subject/848 830 0$aBibliotheca Mariana moderni aevi ;$v3.$0(OLS)http://pul/title/25322 850 $aPUL 852 $aPUL$W1$xDP2 Religione 1$y63$m66 D 18$j24944$nBK-PRI$qStampati$B24944$CPULBib$Z2$F24944 $82 941 1 $a8 961 $aINV: 44745 996 $6245$aDe quaestione mariali in hodierna vita Ecclesiae$9(OLS)http://pul/title/25321 996 $6260$aRomae :$bP. Academia Mariana Internationalis$9(OLS)http://pul/publisher/50535 LEADER 01203nam a2200289 u 4500 001 000000025768 003 CaOOAMICUS 005 20070226111512.0 008 951024s1977 gw u000 u grc u 035 $a10661900 040 $aPUL$bita 041 0 $agrc$ager 130 0 $aBiblia.$pV.T.$pDeuteronomium.$lGreco.$0(OLS)http://pul/title/35499 245 10$aDeuteronomium /$cedidit John William Wevers ; adiuvante U. Quast. 260 $aGöttingen :$bVandenhoeck & Ruprecht,$c1977. 300 $a397 p. ;$c24 cm 490 1 $aSeptuaginta : Vetus Testamentum Graecum ;$v3, 2 630 04$aBiblia.$pV.T.$pDeuteronomium$xCritica, interpretazione, ecc.$0(OLS)http://pul/subject/7579 700 1 $aQuast, Udo.$0(OLS)http://pul/name/215 700 1 $aWevers, John William.$0(OLS)http://pul/name/214 830 0$aSeptuaginta : Vetus Testamentum Graecum ;$v3, 2.$0(OLS)http://pul/title/267 850 $aPUL 852 $aPUL$W1$xSL Religione 1$y3$m5 R 3.2$j36002$nBK-PRI$qStampati$B36002$CPULBib$Z2$F36002 $82 941 1 $a8 961 $aINV: 82672 996 $6245$aDeuteronomium$9(OLS)http://pul/title/35500 996 $6260$aGöttingen :$bVandenhoeck & Ruprecht$9(OLS)http://pul/publisher/47973